000 00502nam a2200181 4500
999 _c170792
_d170792
005 20191226104825.0
010 _aENG-127246
020 _a10987654321
_c799.00
035 _aEN-110778
037 _bDBAD/PUB
082 _aN
100 _aVarkey, T.V.
245 _aThe vanishing generations /
_cby T.V. Varkey
260 _aNew Delhi
_bTranquebar Press
_c2017
270 _a93, Ist Floor, Sham Lal Road
_bDaryaganj, New Delhi
_e110002
300 _axi;620p.
_c23cm(Hb)
942 _2ddc
_cEN
_hN
_mVAR